Movies Quiz

Random Movies or Disney Quiz
Score 0/20 Timer 12:00
0 Plays Today
Fact Character % Correct
According to actor Jonathan Freeman, the original idea was that [character] would sound like Jafar, meaning that Jonathan would have to play the two characters.Iago
91.2%
In an earlier draft, [character] was supposed to be banished from Pride Rock after she rejected Scar's proposal to be his queen.Nala
91.2%
[Character's] death is perhaps one of the most graphic Disney deaths ever, even with the flames obscuring the screen as the hyenas tear him apart with them burning alive as well.Scar
88.2%
[Character] is one of the eight Disney Princesses to be royal by birth, second after Snow White.Aurora
79.4%
[Character] is the only Disney Princess to not be royalty. She wasn't born into royalty, nor did she marry a prince.Mulan
76.5%
The sound of [character's] dragon fire was created properly, with the use of a flame-thrower. The sound of the dragon's teeth snapping, however, was recorded using castanets.Maleficent
64.7%
[Character] has emerald green eyes, the reason presumably being because '[character's name]' is the Spanish and Portuguese word for 'emerald'.Esmeralda
61.8%
[Character] has the most siblings of any Disney Villain, with twelve older brothers.Hans
61.8%
[Character] is fluent in French, as evidenced by his accurate translations of Ray's French lyrics for 'Ma Belle Evangeline'.Naveen
61.8%
[Character] was originally going to have blonde hair. But her hair was changed to black to make her more relatable.Snow White
61.8%
Fact Character % Correct
[Character] is the only major female character in the movie (other than Cleo, but the latter has no speaking parts).The Blue Fairy
61.8%
Rosie O'Donnell voiced both the younger and older version of [character], making her one of the few actors to voice both the younger and older versions of the same character.Terk
58.8%
[Character] was initially designed with grayish-green skin so that she could stand out as the abused 'glitch' of the story.Vanellope
58.8%
[Character's] death may also be a reference to The Lion King, in that Timon believes that stars are fireflies.Ray
58.8%
Even though the guessed inspiration of all the elephants including [Character] were Asian elephants, [Character] looks in many features like an African elephant.Dumbo
55.9%
While [character] has no noble status in the final version, it is implied in one scene that he is still wealthy, at least in regards to the other villagers.Gaston
47.1%
[Character] is the second human best friend to a Disney Princess, the first being Nakoma from Pocahontas.Charlotte
47.1%
Every time [character's] watch is seen, it reads 12:25.White Rabbit
35.3%
[Character] is referenced by name by Tamatoa after the end credits in Moana.Sebastian
26.5%
[Character] is the second Disney heroine to use a sword against the villain, the first being Mulan.Giselle
11.8%
Come Together.
Have Fun.
All Virtual.
We all need to come together. Play Sporcle's virtual live trivia to have fun, connect with people, and get your trivia on. Join a live hosted trivia game for your favorite pub trivia experience done virtually. If a virtual private party is more your thing, go here for details.

You're not logged in!

Compare scores with friends on all Sporcle quizzes.
OR
Log In

Sporcle TV

Today on Sporcle TV


Watch our educational content, quiz creation guides, and fun videos on Sporcle TV.

Show Comments

Extras

Top Quizzes Today


Score Distribution

Paid Content

Your Account Isn't Verified!

In order to create a playlist on Sporcle, you need to verify the email address you used during registration. Go to your Sporcle Settings to finish the process.

Report this User

Report this user for behavior that violates our Community Guidelines.

Details: